000 00617nam a22001937a 4500
005 20251108170134.0
008 250721s2000 xx 000 0 ara d
082 1 4 _a004.65/طوي
100 1 _aالطويل، خالد
245 1 0 _aمدخل إلى الإنترنت و تكنولوجيا الحاسب الشخصي /
264 1 _aالظهران :
_bدار العربية للعلوم،
_c2000.
300 _a154ص
650 1 7 _aالحواسيب
650 1 7 _aالإنترنت
700 1 _aالعلي، عبد الرحمن
700 1 _aمبروكة، نزار راضي
942 _2ddc
_cBK
999 _c40652
_d40652